000 01762cam a22004337a 4500
003 CHAP
005 20230531062627.0
008 010613d2000 mx d r 00110 spa d
010 _a84186
011 _a85158
020 _a9688847186
035 _a95689
040 _cCHAP
090 _aFolleto 16218
100 0 0 _aSagarnaga Villegas, Leticia Myriam.
_9101176
245 1 0 _aCompetitividad de los principales productos agropecuarios mexicanos en el mercado estadounidense
_c/por Myriam Sagarnaga Villegas, José María Salas González y Juan Antonio Leos Rodríguez
260 _aChapingo, Méx. :
_bUACH. Centro de Investigaciones Económicas, Sociales y Tecnológicas de la Agroindustria y la Agricultura Mundial,
_c2000
300 _a22 p. :
_btabla
410 2 1 _aUACH. CIESTAAM
490 0 _aReporte de investigación
_v51
590 _aBATCH-UPD
_b10
_c20130110
_lUCH01
_h1128
590 _aBATCH-UPD
_b10
_c20130410
_lUCH01
_h0717
590 _aBATCH-UPD
_b10
_c20130914
_lUCH01
_h1722
590 _aCONVERSION
_b10
_c20130109
_lUCH01
_h1347
650 1 4 _aProductos agrícolas
_xExportación.
_991945
650 1 4 _aProductos agrícolas
_xImportación.
_991948
650 1 4 _aProductos agrícolas
_xMercadeo
_xE.U.A.
_991966
650 1 4 _aProductos agrícolas
_xMercadeo
_zMéxico.
_991999
700 0 _aLeos Rodríguez, Juan Antonio.
_966243
700 0 _aSalas González, José María.
_9101305
810 0 1 _aUACh. CIESTAAM
_9115844
830 0 _aReporte de investigación
_v51
_996000
901 _aBK
905 _aMarco A. Mendoza T.
942 _cFOLL
949 _aFolleto 16218
_bBC
_cFOLL
_d956891
_eTS1
_i95689
_sb
949 _aFolleto 16218
_bBC
_cFOLL
_d956892
_eTS2
_fc.2
_i95689
_si
949 _aFolleto 16218
_bBC
_cUACH
_d956893
_eTS2
_fc.3
_i95689
_sb
999 _c84186
_d84186